Tribal polities and state systems in pre-colonial eastern and north eastern India / (Record no. 187807)

MARC details
000 -LEADER
fixed length control field 01252nam a2200325 a 4500
001 - CONTROL NUMBER
control field vtls000181407
003 - CONTROL NUMBER IDENTIFIER
control field NLI
005 - DATE AND TIME OF LATEST TRANSACTION
control field 20210602110717.0
008 - FIXED-LENGTH DATA ELEMENTS--GENERAL INFORMATION
fixed length control field 101125s1987 ii b 000 0 eng
020 ## - INTERNATIONAL STANDARD BOOK NUMBER
International Standard Book Number 8170740142 :
Terms of availability Rs. 130.00
039 #9 - LEVEL OF BIBLIOGRAPHIC CONTROL AND CODING DETAIL [OBSOLETE]
-- 201011252201
-- VLOAD
040 ## - CATALOGING SOURCE
Original cataloging agency NLI
Language of cataloging eng
Transcribing agency Datasoft 1
Description conventions AACR2
041 0# - LANGUAGE CODE
Language code of text/sound track or separate title eng
044 ## - COUNTRY OF PUBLISHING/PRODUCING ENTITY CODE
MARC country code ii
082 04 - DEWEY DECIMAL CLASSIFICATION NUMBER
Classification number 321.090954
245 00 - TITLE STATEMENT
Title Tribal polities and state systems in pre-colonial eastern and north eastern India /
Statement of responsibility, etc. edited by Surajit Sinha
260 ## - PUBLICATION, DISTRIBUTION, ETC.
Place of publication, distribution, etc. Calcutta :
Name of publisher, distributor, etc. Published for Centre for Studies in Social Sciences, Calcutta, by K. P. Bagchi,
Date of publication, distribution, etc. 1987
300 ## - PHYSICAL DESCRIPTION
Extent xxvi, 366 p. :
Other physical details map ;
Dimensions 22 cm.
650 #0 - SUBJECT ADDED ENTRY--TOPICAL TERM
Topical term or geographic name entry element Tribal government
Geographic subdivision India
9 (RLIN) 128134
651 #0 - SUBJECT ADDED ENTRY--GEOGRAPHIC NAME
Geographic name India, Northeastern
General subdivision Politics and government
9 (RLIN) 162636
651 #0 - SUBJECT ADDED ENTRY--GEOGRAPHIC NAME
Geographic name India
General subdivision Politics and government
9 (RLIN) 2012
700 1# - ADDED ENTRY--PERSONAL NAME
Personal name Sinha, Surajit,
Dates associated with a name 1926-,
Relationship edt
9 (RLIN) 154403
710 2# - ADDED ENTRY--CORPORATE NAME
Corporate name or jurisdiction name as entry element Centre for Studies in Social Sciences (Calcutta, India)
9 (RLIN) 354194
887 ## - NON-MARC INFORMATION FIELD
Content of non-MARC field
901 ## - LOCAL DATA ELEMENT A, LDA (RLIN)
a DB53431
b 19.07.1988
902 ## - LOCAL DATA ELEMENT B, LDB (RLIN)
a E 321.090954 T 731
942 ## - ADDED ENTRY ELEMENTS (KOHA)
Source of classification or shelving scheme Dewey Decimal Classification
Koha item type Books
949 ## - LOCAL PROCESSING INFORMATION (OCLC)
-- VIRTUAITEM
-- 10000
-- 100
6 DBA000053431ENG
Holdings
Withdrawn status Lost status Damaged status Not for loan Collection code Home library Current library Shelving location Date acquired Total Checkouts Full call number Barcode Date last seen Price effective from Koha item type
        New English National Library of India National Library of India New English - Main Stack Division     E 321.090954 T 731 DBA000053431ENG 02/06/2021 02/06/2021 Books
                                                                           
web counter

Copyright ©2020 The National Library of India, Govt. of India ↔ Hosted by NVLI, MOC ↔ Technology and Design by National Library of India, Ministry of Culture, Govt. of India